[Event "Harmonie"]
[Site "Groningen NED"]
[Date "2002.12.28"]
[Round "7"]
[White "Werle,J"]
[Black "Jonkman,H"]
[Result "1-0"]
[WhiteElo "2434"]
[BlackElo "2456"]
[EventDate "2002.12.21"]

1. Nf3 d5 2. d4 e6 3. c4 dxc4 4. e3 c5 5. Bxc4 a6 6. O-O Nf6 7. dxc5 Qxd1
8. Rxd1 Bxc5 9. b3 Nbd7 10. Bb2 b6 11. Nbd2 Bb7 12. Be2 O-O 13. Ne1 Rfd8
14. Nd3 Be7 15. Nc4 Rac8 16. Rac1 Ne4 17. f3 Nd6 18. Ba3 Nf5 19. Bxe7 Nxe7
20. Nd6 Rxc1 21. Nxc1 Bc6 22. Bxa6 Nd5 23. e4 Ne3 24. Rd2 Nc5 25. Be2 f5
26. exf5 exf5 27. Nc4 Rxd2 28. Nxd2 Kf8 29. Kf2 f4 30. Nc4 Nxc4 31. Bxc4
Ke7 32. Nd3 Nxd3+ 33. Bxd3 h6 34. g3 g5 35. gxf4 gxf4 36. Be4 Bb5 37. Ke1
Kf6 38. a4 Bd7 39. Kd2 Kg5 40. Ke2 Kh4 41. Kf2 Kg5 42. Bc2 Kf6 43. Ke2 Ke5
44. Kd3 Bc6 45. Bd1 Kd5 46. Kc3 Kc5 47. h4 Bb7 48. b4+ Kd5 49. Bc2 Ke5 50.
Be4 Bxe4 51. fxe4 Kxe4 52. Kd2 Kf3 53. a5 bxa5 54. bxa5 Kg3 55. a6 f3 56.
a7 f2 57. Ke2 1-0

[Event "Harmonie"]
[Site "Groningen NED"]
[Date "2002.12.29"]
[Round "8"]
[White "Ernst,S"]
[Black "Baramidze,D"]
[Result "1-0"]
[WhiteElo "2497"]
[BlackElo "2390"]
[EventDate "2002.12.21"]

1. d4 d5 2. c4 e6 3. Nf3 c6 4. Nc3 Nd7 5. Bf4 Ngf6 6. e3 Be7 7. Bd3 O-O 8.
O-O dxc4 9. Bxc4 Nd5 10. Rc1 Nxf4 11. exf4 b6 12. Qd3 Nf6 13. Rfd1 Bb7 14.
Ne5 c5 15. Qh3 cxd4 16. Ne2 Bd5 17. Nxd4 Bxc4 18. Nxc4 Qe8 19. f5 exf5 20.
Re1 Qd7 21. Nxf5 Bb4 22. Ne5 Qb7 23. Qg3 g6 24. Nc6 Nh5 25. Qe5 gxf5 26.
Nxb4 Rfe8 27. Qxf5 Ng7 28. Qg5 Kh8 29. Nd5 Rad8 30. Rxe8+ Rxe8 31. h4 Rc8
32. Rc7 1-0

[Event "Harmonie"]
[Site "Groningen NED"]
[Date "2002.12.29"]
[Round "8"]
[White "Jonkman,H"]
[Black "Nijboer,F"]
[Result "0-1"]
[WhiteElo "2456"]
[BlackElo "2556"]
[EventDate "2002.12.21"]

1. e4 c5 2. Nf3 Nc6 3. Bb5 e6 4. Bxc6 bxc6 5. O-O Ne7 6. b3 Ng6 7. Bb2 f6
8. d4 cxd4 9. Nxd4 Bc5 10. c4 O-O 11. Nc3 Rb8 12. Qd2 Ba6 13. Na4 Be7 14.
Rfe1 c5 15. Nc2 Bb7 16. Nc3 f5 17. Rad1 Bc6 18. exf5 Rxf5 19. Ne4 Nh4 20.
b4 a6 21. Qc3 Bf6 22. Nxf6+ Rxf6 23. Re3 Nf5 24. Re5 Rg6 25. g3 Qh4 26. Rd3
Qxh2+ 27. Kf1 Rf8 0-1

[Event "Harmonie"]
[Site "Groningen NED"]
[Date "2002.12.29"]
[Round "8"]
[White "Romero Holmes,A"]
[Black "Werle,J"]
[Result "1-0"]
[WhiteElo "2524"]
[BlackElo "2434"]
[EventDate "2002.12.21"]

1. c4 Nf6 2. d4 e6 3. g3 d5 4. Bg2 dxc4 5. Nf3 Nc6 6. O-O Rb8 7. Nc3 b5 8.
Ne5 Nxe5 9. dxe5 Nd7 10. Qd4 c5 11. Qf4 Bb7 12. Ne4 Qc7 13. a4 a6 14. axb5
axb5 15. Ng5 Nb6 16. Ra7 Nd5 17. Bxd5 exd5 18. e6 Bd6 19. Qxf7+ Kd8 20. Qf5
Rf8 21. Nf7+ Ke8 22. Nxd6+ Qxd6 23. Bf4 Qxf4 24. Qh5+ g6 25. Qxh7 1-0

[Event "Harmonie"]
[Site "Groningen NED"]
[Date "2002.12.30"]
[Round "9"]
[White "Werle,J"]
[Black "Ernst,S"]
[Result "1-0"]
[WhiteElo "2434"]
[BlackElo "2497"]
[EventDate "2002.12.21"]

1. Nf3 c5 2. e4 Nc6 3. d4 cxd4 4. Nxd4 Nf6 5. Nc3 e5 6. Ndb5 d6 7. Bg5 a6
8. Na3 b5 9. Bxf6 gxf6 10. Nd5 f5 11. Bd3 Be6 12. O-O Bxd5 13. exd5 Ne7 14.
c3 Bg7 15. Qh5 e4 16. Bc2 O-O 17. Rae1 Qc8 18. Bb3 Rb8 19. Qg5 Ng6 20. Nc2
Re8 21. Nd4 h6 22. Qxf5 Bxd4 23. Qxc8 Rbxc8 24. cxd4 Nf4 25. Re3 f5 26. g3
Nh3+ 27. Kg2 Ng5 28. Bd1 Kg7 29. h4 Nh7 30. Ra3 Ra8 31. Rc3 Rec8 32. Rc6
Rxc6 33. dxc6 Rc8 34. d5 Kf6 35. f3 e3 36. f4 1-0